000
00306nam a22001337a 4500
020
_a
8123908806
082
_2
22
_a
531.11
100
_a
Chorlton, F.
245
_a
Textbook of dynamics /
250
_a
2nd.
260
_a
New Delhi,
_b
CBS,
_c
c2003.
300
_a
271 p. ;
_b
ill. ;
_c
22 cm.
942
_2
ddc
_c
CIVIL
999
_c
355
_d
355